000 00756nam a2200217 i 4500
001 21893
003 ES-MaACL
005 20260301063011.0
007 t|
008 021128s1968 sp ||||1| cat d
100 1 _aAlcover, Antoni Maria,
_d1862-1932
_919584
245 1 0 _aDiccionari catalá-valenciá balear... /
_cper Antonio Mª Alcover ; dibuixos de Josep Moll i Francesc de B. Moll.
250 _a2ª ed., corr. i posada al dia.
260 _aPalma de Mallorca :
_b[Moll],
_c1968-
300 _a1 v. :
_bil. ;
_c19 cm.
505 8 _aContiene: T. I. A-arq.
650 4 _aLengua catalana-
_vDiccionarios.
_914102
700 1 _aMoll, Francesc de B. (
_d1903-1991)
_982033
852 _aES-MaACL
_jP-1357
_bR.66705
999 _c21893
_d21893